zpět

Detail výsledku týmu

U Magora, Olomouc

Datum a čas kvízu

27.5 Celkem bodů Celkový počet nahraných bodů na tomto kvízu bez doplňovacích otázek.
7. Pořadí na kvízu Konečné umístění týmu na tomto kvízu.

Zaznamenané odpovědi

# Otázka Odpověď Body Výsledky
1. Minulý týden kolovaly internet... B 1
2. Běloruský vůdce Alexandr Lukaš... B 1
3. Minulý týden proběhlo internet... Bílý balet 1
4. Nobelovu cenu za fyziku letos... C) teleportace 1
5. Minulý týden hostila pražská O... San Jose Sharks, Nashville Predators 0.5
6. Podívejme se nejprve na velblo... C 0
7. Přiřaďte správné výrazy k jeji... 1B 2A 3C 4D 1
8. Jeden známý biblický příměr ml... uchem jehly 0
9. Tři veteráni jsou pohádková kl... Rudolf Hrušínský 1
10. Velblouda má ve znaku město Pl... husitům (sirotkům) 0